| 000 | 00580nam a22002057a 4500 | ||
|---|---|---|---|
| 003 | NUST | ||
| 005 | 20230311160439.0 | ||
| 008 | 220515b ||||| |||| 00| 0 eng d | ||
| 038 | _aMian Shaban | ||
| 082 |
_aBICSE-6 _bMOH |
||
| 100 | _4Mohsin Nasir | ||
| 245 |
_a360° Interactive Display _cMohsin Nasir and Muhammad Ali |
||
| 260 |
_aIslamabad _bNUST- SEECS _c2012 |
||
| 300 |
_aviii; 22p. _c27 cm |
||
| 500 | _aDr. Rehan Hafiz | ||
| 563 | _aHBP | ||
| 700 |
_aDr. Rehan Hafiz _919620 |
||
| 856 | _u http://10.250.8.41:8080/xmlui/handle/123456789/10677 | ||
| 942 |
_2ddc _cTHE |
||
| 999 |
_c589691 _d589691 |
||